Normal view
MARC view
- MSEE-17
Entry Geographic Name
001 - CONTROL NUMBER
- control field: 35169
003 - CONTROL NUMBER IDENTIFIER
- control field: NUST
005 - DATE AND TIME OF LATEST TRANSACTION
- control field: 20201111164242.0
008 - FIXED-LENGTH DATA ELEMENTS
- fixed length control field: 201111|| aca||aabn | a|a d
040 ## - CATALOGING SOURCE
- Original cataloging agency: NUST
- Transcribing agency: NUST
151 ## - HEADING--GEOGRAPHIC NAME
- Geographic name: MSEE-17
670 ## - SOURCE DATA FOUND
- Source citation: Work cat.: (NUST)211161: Aziz, Ejaz Amena (MSEE-17) 35168, Papr reduction of OFDM signal through Convex Optimization Technique, March-2014
